Quick Pick: Which Leo? Quiz Stats

 Plays Quiz Updated Jul 21, 2016

Challenge
Share
Tweet
Embed
Score 0/10 Timer 01:00
1 Play Today
% Correct
Leonardo DiCaprio
94.6%
Leonardo da Vinci
93.8%
Leo Tolstoy
88.6%
Leonard Nimoy
87.5%
Leonardo Fibonacci
80.8%
Ray Leonard
80.8%
Leonard Bernstein
77.4%
Leonard Cohen
73.1%
Leonard McCoy
65.7%
Elmore Leonard
63%

Today's Daily Dose

Missing Word
Top 10 Artists

Word Ladder
'70s Song II

On This Day
October 20th II

You're not logged in!

Compare scores with friends on all Sporcle quizzes.
Join for Free
OR
Log In

You Might Also Like...

Show Comments

Extras

Top Quizzes Today


Score Distribution

Your Account Isn't Verified!

In order to create a playlist on Sporcle, you need to verify the email address you used during registration. Go to your Sporcle Settings to finish the process.

Report this User

Report this user for behavior that violates our Community Guidelines.

Details: